00813nam a22002417a 4500003000500000005001700005008004100022010000900063011000900072035000900081040000900090100003400099245015400133260004000287300003100327500001100358502007800369650002700447650002000474650002100494650001700515700003900532CHAP20220329133354.0971013s1992 r 00010 d a5591 a6563 a5783 cCHAP00aGarcía Ruiz, Marco Antonio. aContribución al estudio etnobotánico del nanche Byrsonima spp. distribución geográfica y alternativas de conservación de su plasma germinal aChapingo, Méx. :bEl Autor,c1992 a139 h.b: ilus. ; gráfs. a58-130 aTesis (Ing. Agr. Esp. en Fitotecnia). -- UACH. Departamento de Fitotecnia14aByrsonima crassifolia.14aEtnobotánica.14aFitogeografía.14aGermoplasma.0 aGarcía Castellanos, Juan Manuel.